000 00503nam a2200205Ia 4500
003 GCL
008 140319s9999 xx 000 0 eng d
040 _aGCL /
_cGCL
082 0 4 _a411.7
_bG S
100 1 _aLANGUAGE
245 1 0 _aA STUDY OF WRITING /
_cLANGUAGE
700 1 _aGELB,I.J.
260 _a[S.N] :
_bTHE UNIVERSITY OF CHICAGS PRESS ،
_c1963
300 _a319P
650 0 4 _aWRITING
650 0 4 _aLINGUISTICS
650 0 4 _aLANGUAGES
650 0 4 _aANCIENT LANGUAGES
942 _2ddc
_cBK
999 _c11702
_d11702